Bingo's Nicknames - Statistics

General Stats
  • This quiz has been taken 33 times
  • The average score is 5 of 14
Answer Stats
Hint Answer % Correct
Mini Bluey Mini Bluey
68%
Grannies, Bus, Trains, Granny Mobile, and Ghostbasket Rita
58%
Teasing and Hammerbarn Sharalanda
42%
Relax Olympia
37%
Musical Statues Ringo
37%
Zoo, Kids, and Daddy Putdown Snowdrop
37%
Takeaway Tap Girl
37%
Trains Dr. Glenda
32%
The Claw Fun-size
32%
Yoga Ball and Exercise Larn
32%
The Creek Cassiopeia
26%
Swim School Merifyndor
26%
Hotel Slobberdobba
26%
Spy Game Sparkleshot
26%
No matching quizzes found
Score Distribution
Percent of People with Each Score
Percentile by Number Answered
Your Score History
You have not taken this quiz